000 00616nam a2200229Ia 4500
003 OSt
005 20220928115347.0
006 a|||||r|||| 00| 0
007 ta
008 220927b |||||||| |||| 00| 0 eng d
024 _a129468
037 _cTextual
040 _aSDCL
_cSDCL
_beng
041 _2eng
_aeng
082 _aNQxK97, L0
100 _aWensinger Arthur S Ed.
_9443985
245 0 _aHogarth on high life
260 _aMiddletown
_bWesleyan Univesity Press
_c1970
300 _axi,148p
_ccm.
942 _hNQxK97, L0
_cTEXL
_2CC
999 _c759111
_d759111